000 00873nam a2200277 4500
003 MX001000794238
005 20260601170954.0
008 260504b1993\\\\xxua||||\||||\00|\0\eng\d
020 _a0442009704
040 _aICI
_cspa
_dIC
041 _aeng
050 0 _aNA2765
_bK37 1993
100 _aKarlen, Mark,
_eautor
_930324
245 1 _aSpace planning basics /
_cMark Karlen ; ilustraciones Kate Ruggeri y Mark Karlen
264 _aNew York :
_bVan Nostrand ReinHold Company,
_c1993
300 _a170 páginas:
_bilustraciones
336 _atexto
_2rdacontent
337 _asin medio
_2rdamedia
338 _avolumen
_2rdacarrier
500 _aLibro de Referencia
650 _aArquitectura de interiores
650 _aEspacio (Arquitectura)
700 1 _aRuggeri, Kate,
_eilustrador
_930327
700 1 _aKarlen, Mark,
_eilustrador
_930324
942 _2lcc
_cB
_n1
999 _c19778
_d19778